Cánh hoa trước gió
Gorde:
| Egile nagusia: | |
|---|---|
| Formatua: | Liburua |
| Hizkuntza: | Undetermined |
| Argitaratua: |
Tp HCM
Trẻ
2004
|
| Gaiak: | |
| Etiketak: |
Etiketa erantsi
Etiketarik gabe, Izan zaitez lehena erregistro honi etiketa jartzen!
|
| Thư viện lưu trữ: | Trung tâm Học liệu Trường Đại học Cần Thơ |
|---|
| LEADER | 00515nam a2200205Ia 4500 | ||
|---|---|---|---|
| 001 | CTU_60217 | ||
| 008 | 210402s9999 xx 000 0 und d | ||
| 020 | |b 26000 | ||
| 082 | |a 330.9 | ||
| 082 | |b H121 | ||
| 100 | |a Võ Tá Hân | ||
| 245 | 0 | |a Cánh hoa trước gió | |
| 245 | 0 | |c Võ Tá Hân | |
| 260 | |a Tp HCM | ||
| 260 | |b Trẻ | ||
| 260 | |c 2004 | ||
| 650 | |a developing countries | ||
| 650 | |x economic aspects | ||
| 904 | |i Minh | ||
| 980 | |a Trung tâm Học liệu Trường Đại học Cần Thơ | ||